| 000 | 00819nam a2200217 a 4500 | ||
|---|---|---|---|
| 001 | 55053 | ||
| 003 | BD-RjUL | ||
| 005 | 20211209080217.0 | ||
| 008 | 161113s1964 bg ||||| |||| 00| 0 ben d | ||
| 035 | _a(BD-RjUL)55175 | ||
| 040 |
_aBD-RjUL _bben _cBD-RjUL _dBD-RjUL |
||
| 041 | _aben | ||
| 082 |
_223 _a297.61092 _bAHH 1964 |
||
| 100 |
_aআহম্দ, নূরুদ্দীণ _9164114 |
||
| 245 | 1 | 0 |
_aহযরত বড় পীর সাহেব / _cনূরুদ্দীণ আহম্দ, |
| 260 |
_aঢাকা : _bলতীফ বুক করপোরেশন, _c১৯৬৪. |
||
| 300 |
_a২১১ পৃ. ; _c২১ সেমি. |
||
| 650 |
_aইসলামী নেতৃবৃন্দ _vজীবনী _9164115 |
||
| 650 |
_aIslamic Leaders _vBiography _9144180 |
||
| 942 |
_2ddc _cBK |
||
| 999 |
_c55053 _d55053 |
||